书目信息 |
| 题名: |
青年共产国际与中国青年运动
|
|
| 作者: | ;共青团中央青运史研究室 , 中国社会科学院现代史研究室 编 | |
| 分册: | ||
| 出版信息: | 北京 中国青年出版社 1985 |
|
| 页数: | 687页 | |
| 开本: | 20cm | |
| 丛书名: | ||
| 单 册: | ||
| 中图分类: | D431 | |
| 科图分类: | ||
| 主题词: | 世界青年运动 , 学生运动--世界 , 青年组织--世界 , 学生组织--世界 | |
| 电子资源: | ||
| ISBN: | ||
| 000 | 00942nam0 2200277 45 | |
| 001 | 0185000379 | |
| 005 | 20050623163158.3 | |
| 010 | @dCNY3.90 | |
| 091 | @a1109.145 | |
| 100 | @a19900823d1985 emky0chiy0121 ea | |
| 101 | 0 | @achi |
| 102 | @aCN@b110000 | |
| 105 | @ay z 000yd | |
| 200 | 10 | @a青年共产国际与中国青年运动@Aqing nian gong chan guo ji yu zhong guo qing nian yun dong@f共青团中央青运史研究室,中国社会科学院现代史研究室编@FGong Qing Tuan Zhong Yang Qing Yun Shi Yan Jiu Shi,Zhong Guo She Hui Ke XueYuan Xian Dai Shi Yan Jiu Shi Bian |
| 210 | @a北京@c中国青年出版社@d1985 | |
| 215 | @a687页@d20cm | |
| 606 | @a世界青年运动 | |
| 606 | 0 | @a学生运动@x世界 |
| 606 | 0 | @a青年组织@x世界 |
| 606 | 0 | @a学生组织@x世界 |
| 690 | @aD431@v3 | |
| 711 | 02 | @a共青团中央青运史研究室@4编 |
| 711 | 02 | @a中国社会科学院现代史研究室@4编 |
| 801 | 0 | @aCN@b深圳图书馆@c20040420 |
| 801 | 2 | @aCN@bNLC@c20040420 |
| 905 | @dD431@e88@f1@b155819 | |
| 青年共产国际与中国青年运动/共青团中央青运史研究室,中国社会科学院现代史研究室编.-北京:中国青年出版社,1985 |
| 687页;20cm |
| ISBN :CNY3.90 |
| ● |
| 相关链接 |
|
|
|
|
正题名:青年共产国际与中国青年运动
索取号:D431/88
 
预约/预借
| 序号 | 登录号 | 条形码 | 馆藏地/架位号 | 状态 | 备注 |
| 1 | 0155818 | 000480811 | 密集书库/ [索取号:D431/88] | 在馆 | |
| 2 | 0155819 | 000480820 | 第一样本阅览室/ [索取号:D431/88] | 在馆 |